000 00220nam a22000857a 4500
008 161130b xxu||||| |||| 00| 0 eng d
100 _91610
_aPant,K.M
245 _aScience And Technology-VIII
260 _aNew Delhi
_bNCERT
_c2004
999 _c4326
_d4326